Quiz o flagach Europy + (Bardzo Trudne) - Statystyki

Ogólne statystyki
  • Ten quiz został rozwiązany 41 razy
    8 od ostatniego zresetowania
  • Średni wynik to 30 z 104
Statystyki odpowiedzi
Obrazkowy Odpowiedź % Poprawnych
Polska
100%
Dania
80%
Francja
80%
Gibraltar
80%
Grecja
80%
Norwegia
80%
Białoruś
60%
Estonia
60%
Holandia
60%
Kazachstan
60%
Litwa
60%
Niemcy
60%
San Marino
60%
Ukraina
60%
Albania
40%
Andora
40%
Anglia
40%
Armenia
40%
Austria
40%
Azerbejdżan
40%
Bawaria
40%
Belgia
40%
Bułgaria
40%
Cypr
40%
Cypr Północny
40%
Czarnogóra
40%
Finlandia
40%
Grecja
40%
Gruzja
40%
Irlandia
40%
Irlandia Północna
40%
Islandia
40%
Kosowo
40%
Łotwa
40%
Luksemburg
40%
Macedonia
40%
Malta
40%
Mołdawia
40%
Monako
40%
Norwegia
40%
Portugalia
40%
Rosja
40%
Rumunia
40%
Serbia
40%
Słowacja
40%
Słowenia
40%
Szkocja
40%
Szwajcaria
40%
Szwecja
40%
Turcja
40%
Walia
40%
Watykan
40%
Węgry
40%
Węgry
40%
Wielka Brytania
40%
Wyspa Man
40%
Wyspy Alandzkie
40%
Wyspy Owcze
40%
Abchazja
20%
Chorwacja
20%
Czechy
20%
Gdynia
20%
Guernsey
20%
Hiszpania
20%
Jersey
20%
Kaliningrad
20%
Kraj Basków
20%
Liechtenstein
20%
Naddniestrze
20%
Osetia
20%
Sardynia
20%
Sycylia
20%
Włochy
20%
Adygeja
0%
Adżaria
0%
Berlin
0%
Borholm
0%
Czeczenia
0%
Dolnośląskie
0%
Dublin
0%
Genoa
0%
Iwano Frankwisk
0%
Jakucja
0%
Jarosław
0%
Karelia
0%
Kłajpeda
0%
Komi
0%
Korsyka
0%
Kukes
0%
Laponia
0%
La Rioja
0%
Lubin
0%
Lwów
0%
Morawy
0%
Moskwa
0%
Oświęcim
0%
Prowansja
0%
Romowie
0%
Saara
0%
Saksonia
0%
Svalbard
0%
Tatarstan
0%
Wojwodina
0%
Wrocław
0%
Nie znaleziono quizów pasujących do podanych kryteriów
Rozkład punktacji
Procent ludzi z każdym wynikiem
Percentyl według liczby udzielonych odpowiedzi
Twoja historia wyników
Nie rozwiązałeś tego quizu od ostatniego zresetowania